Guess the Singer to each song - Statistics

General Stats
  • This quiz has been taken 45 times
  • The average score is 132 of 272
Answer Stats
Hint Answer % Correct
Bad Habits | Perfect | Photograph | +3 others Ed Sheeran
91%
Bad Romance | Bloody Mary | Poker Face Lady Gaga
91%
Shallow Lady Gaga and Bradley Cooper
91%
Anti-Hero | Blank Space | Cruel Summer | +2 others Taylor Swift
91%
Dark Horse | Fireworks | Hot N Cold | +2 others Katy Perry
88%
24k Magic | Grenade | Just The Way You Are | +3 others Bruno Mars
84%
'Till I Collapse | Houdini | Killshot | +6 others Eminem
84%
Die With A Smile Lady Gaga and Bruno Mars
84%
Uptown Funk Mark Ronson Ft. Bruno Mars
84%
Beat It | Billie Jean | Smooth Criminal | Thriller Michael Jackson
84%
Flowers | Party In The U.S.A. | Wrecking Ball Miley Cyrus
84%
Easy On Me | Hello | Rolling in The Deep | Someone Like You Adele
81%
Halo | Single Ladies (Put a ring on it) Beyonce
81%
Bad Guy | Birds Of A Feather | Lovely | Ocean Eyes Billie Eilish
81%
God's Plan Drake
81%
Ghost | Peaches | Sorry Justin Bieber
81%
Girls Like You | Memories | Payphone | Sugar Maroon 5
81%
Waka Waka Shakira
81%
SICKO MODE Travis Scott Ft. Drake
81%
7 Rings | Positions | Thank U, Next Ariana Grande
78%
Diamonds Rihanna
78%
Die For You The Weeknd and Ariana Grande
75%
In Da Club 50 Cent
72%
Humble | Luther | Not Like Us Kendrick Lamar
72%
Espresso | Feather | Manchild | +2 others Sabrina Carpenter
72%
Blinding Lights | Save Your Tears The Weeknd
72%
...Baby One More Time | Oops!... I Did It Again Britney Spears
69%
As It Was | Watermelon Sugar Harry Styles
69%
Deja Vu | Drivers License | Good 4 U Olivia Rodrigo
69%
Dance The Night | Don't Start Now | Levitating Dua Lipa
66%
Love The Way You Lie | The Monster Eminem Ft. Rihanna
66%
Bad Liar | Believer | Bones | +3 others Imagine Dragons
66%
Old Town Road Lil Nas X
66%
All I Want for Christmas is You | Santa Claus' is Coming to town Mariah Carey
66%
Better Now | Chemical | Circles | +2 others Post Malone
63%
Sunflower Post Malone and Swae Lee
63%
Candy Shop 50 Cent Ft. Olivia
59%
Counting Stars OneRepublic
59%
What Makes You Beautiful One Direction
56%
Empty Out Your Pockets | Lucid Dreams | Robbery | Wishing Well Juice WRLD
53%
Bye Bye Bye NSYNC
53%
Stay The Kid LAROI Ft. Justin Bieber
53%
I Want It That Way Backstreet Boys
50%
Titi Me Pregunto Bad Bunny
50%
It's My Life | Livin' On A Prayer Bon Jovi
50%
Umbrella Rihanna Ft. Jay-Z
50%
Drop It Like It's Hot Snoop Dogg
50%
Goosebumps Travis Scott Ft. Kendrick Lamar
50%
Side To Side Ariana Grande Ft. Nicki Minaj
47%
Backup Plan Bailey Zimmerman and Luke Combs
47%
Pray Hard BigXthaPlug Ft. Luke Combs
47%
Ain't No Love In Oklahoma | Beautiful Crazy | Beer Never Broke My Heart | +12 others Luke Combs
47%
Guy For That Post Malone Ft. Luke Combs
47%
Dynamite BTS
44%
Genie In A Bottle Christina Aguilera
44%
Jolene Dolly Parton
44%
Taki Taki Selena Gomez
44%
Godzilla Eminem Ft. Juice WRLD
41%
red Hardy Ft. Morgan Wallen
41%
7 Summers | Chasin' You | Cowgirls | +10 others Morgan Wallen
41%
I Had Some Help Post Malone Ft. Morgan Wallen
41%
Unholy Sam Smith
41%
See You Again Wiz Khalifa Ft. Charlie Puth
41%
Someone You Loved Lewis Capaldi
38%
What I Want Morgan Wallen Ft. Tate McRae
38%
A Bar Song (Tipsy) | Good News Shaboozey
38%
Greedy Tate McRae
38%
Bloodline | Eternity | Ordinary Alex Warren
34%
Despacito Luis Fonsi Ft. Daddy Yankee
34%
7 Years Lukas Graham
34%
Eye of The Tiger Survivor
34%
Yeah! Usher Ft. Lil Jon and Ludacris
34%
God's Country Blake Shelton
31%
Bring Me To Life | My Immortal Evanescence
31%
Baby Justin Bieber Ft. Ludacris
31%
Footloose Kenny Loggins
31%
In The End Linkin Park
31%
Calm Down Selena Gomez and Rema
31%
Love Again | Thousand Miles | Without You The Kid LAROI
31%
Lost Bailey Zimmerman Ft. The Kid Laroi
28%
Box Me Up BigXthaPlug Ft. Jelly Roll
28%
Somebody Save Me Eminem Ft. Jelly Roll
28%
Without Me Halsey
28%
FREINDS Marshmello and Anne-Marie
28%
Lonely Road MGK and Jelly Roll
28%
Let You Down | The Search | When I Grow Up NF
28%
Losers Post Malone Ft. Jelly Roll
28%
Hips Don't Lie Shakira Ft. Wyclef Jean
28%
Beautiful Things Benson Boone
25%
Wait in the Truck Hardy Ft. Lainey Wilson
25%
Halfway To Hell | Heart of Stone | I Am Not Okay | +3 others Jelly Roll
25%
Save Me Jelly Roll Ft. Lainey Wilson
25%
Buy Dirt Jordan Davis and Luke Bryan
25%
Play It Again Luke Bryan
25%
Nosedive Post Malone Ft. Lainey Wilson
25%
Life is a Highway | What Hurts The Most Rascal Flatts
25%
FE!N Travis Scott Ft. Playboi Carti
25%
4x4xU | Heart Like A Truck | Out of Oklahoma | +3 others Lainey Wilson
22%
Rap Devil MGK
22%
Meant To Be Bebe Rexha
19%
Tennessee Whiskey Chris Stapleton
19%
Bad Day Daniel Powter
19%
Wagon Wheel Darius Rucker
19%
Stargazing Myles Smith
19%
Body Like A Back Road Sam Hunt
19%
Fall In Love | Holy Smokes | Religiously | +2 others Bailey Zimmerman
16%
All The Way BigXthaPlug Ft. Bailey Zimmerman
16%
APT. Bruno Mars and Rose
16%
'Til You Can't | Dirt Cheap | The Fall Cody Johnson
16%
Weren't For The Wind Ella Langley
16%
Dirt On My Boots Jon Pardi
16%
Thank God Kane Brown and Katelyn Brown
16%
Mood 24kGoldn Ft. Iann Dior
13%
Austin Dasha
13%
Daylight David Kushner
13%
You Look Like You Love Me Ella Langley Ft. Riley Green
13%
I Hope | The Good Ones Gabby Barrett
13%
Heaven Kane Brown
13%
Tennessee Orange Megan Moroney
13%
5 Foot 9 Tyler Hubbard
13%
In Case You Didn't Know Brett Young
9%
Favorite Country Song | Give Heaven Some Hell | Sold Out | Truck Bed Hardy
9%
Enemy Imagine Dragons x JID
9%
Die From A Broken Heart Maddie and Tae
9%
Bulletproof Nate Smith
9%
One Man Band Old Dominion
9%
Worst Way Riley Green
9%
Five More Minutes Scotty McCreery
9%
Feel Invincible Skillet
9%
Fancy Like | You Broke Up With Me Walker Hayes
9%
Bottoms Up | One Hell Of An Amen Brantley Gilbert
6%
This Heart Corey Kent
6%
F**k It (I don't want you back) Eamon
6%
Heavens To Betsy Jackson Dean
6%
What Ifs Kane Brown Ft. Lauren Alaina
6%
High Road Koe Wetzel and Jessie Murph
6%
Burn It Down Parker McCollum
6%
Humble and Kind Tim McGraw
6%
Dear Dad Alli Kate
3%
Invincible MGK Ft. Ester Dean
3%
No matching quizzes found
Score Distribution
Percent of People with Each Score
Percentile by Number Answered
Your Score History
You have not taken this quiz